000 00331 a2200157 4500
001 177291
020 _a
040 _cMagnum
100 _aMachado, Ana Maria
240 1 0 _aBesouro e prata
_lpor
245 1 0 _aBesouro e prata
362 0 _a1899
440 1 _aÁtica
697 _aMAGNITO: IJ/AVENTURA, CRIANCAS
942 _cBK
999 _c177291
_d177291